[Event "GBR-ch105 Major Open"]
[Site "Hull"]
[Date "2018.08.03"]
[Round "7"]
[White "Yoon, Jacob D"]
[Black "Collins, Jonathan L"]
[Result "1-0"]
[WhiteElo "2039"]
[BlackElo "1804"]
[PlyCount "165"]
[EventDate "2018.07.28"]
[EventType "swiss"]
[EventRounds "9"]
[EventCountry "GBR"]
[SourceTitle "CBM 185 Extra"]
[Source "ChessBase"]
[SourceDate "2018.06.29"]
[SourceVersion "1"]
[SourceVersionDate "2018.06.29"]
[SourceQuality "1"]

1. e4 Nc6 2. d4 e5 3. d5 Nce7 4. Nf3 Ng6 5. h4 h5 6. Bg5 Nf6 7. c4 c6 8. Nc3
Qb6 9. Qc2 Bc5 10. Bxf6 gxf6 11. a3 Bf8 12. Nd1 d6 13. Be2 cxd5 14. cxd5 Bh6
15. b4 Bd7 16. Nb2 Rc8 17. Qb3 Qc7 18. O-O Qc2 19. Bc4 Qxb3 20. Bxb3 Rc3 21.
Ba4 b5 22. Bd1 Ke7 23. a4 a6 24. axb5 Bxb5 25. Re1 Rg8 26. Na4 Rc7 27. g3 Nf4
28. Nb2 Nh3+ 29. Kg2 Nf4+ 30. Kh2 Ng6 31. Ba4 Rb8 32. Bxb5 Rxb5 33. Nd3 Rc3 34.
Red1 Rb6 35. Nfe1 Nf8 36. Ra2 Nd7 37. Rda1 Nb8 38. Rc2 Rxc2 39. Nxc2 f5 40.
exf5 Rb5 41. Ra5 Rxa5 42. bxa5 Bd2 43. Ndb4 Kf6 44. Nc6 Nxc6 45. dxc6 Ke7 46.
Ne3 Bxa5 47. Nc4 Bc7 48. Ne3 a5 49. Nd5+ Kd8 50. g4 Bb8 51. gxh5 Ke8 52. c7
Bxc7 53. Nxc7+ Kf8 54. Kg3 a4 55. Nb5 d5 56. f6 Kg8 57. Kg4 d4 58. Kf3 Kh7 59.
Ke4 Kh6 60. f4 exf4 61. Kxf4 d3 62. Ke3 d2 63. Kxd2 Kxh5 64. Nc7 a3 65. Kc2 a2
66. Kb2 a1=Q+ 67. Kxa1 Kxh4 68. Kb2 Kg5 69. Ne8 Kf5 70. Kc3 Ke6 71. Kd4 Kd7 72.
Ng7 Kd6 73. Ke4 Kc6 74. Ke5 Kc7 75. Nf5 Kd7 76. Kd5 Ke8 77. Kc6 Kf8 78. Kd7 Kg8
79. Ke7 Kh8 80. Kxf7 Kh7 81. Ke8 Kg6 82. f7 Kh7 83. f8=Q 1-0

[Event "GBR-ch105 Major Open"]
[Site "Hull"]
[Date "2018.08.04"]
[Round "8"]
[White "Akeya Price, Robert A"]
[Black "Sivarajasingam, Venetia"]
[Result "1/2-1/2"]
[WhiteElo "1820"]
[BlackElo "1843"]
[PlyCount "44"]
[EventDate "2018.07.28"]
[EventType "swiss"]
[EventRounds "9"]
[EventCountry "GBR"]
[SourceTitle "CBM 185 Extra"]
[Source "ChessBase"]
[SourceDate "2018.06.29"]
[SourceVersion "1"]
[SourceVersionDate "2018.06.29"]
[SourceQuality "1"]

1. d4 d5 2. c4 e6 3. Nf3 Be7 4. g3 Nf6 5. Bg2 O-O 6. O-O dxc4 7. Qc2 a6 8. a4
Bd7 9. Qxc4 Bc6 10. Bg5 Bd5 11. Qc2 h6 12. Bf4 Nc6 13. Nbd2 Bxf3 14. Nxf3 Nd5
15. Bd2 Qd7 16. e4 Nf6 17. Be3 Rfd8 18. Rfd1 Nb4 19. Qb1 Ng4 20. Bd2 Nf6 21.
Bxb4 Bxb4 22. Qc2 Qe7 1/2-1/2

[Event "GBR-ch105 Major Open"]
[Site "Hull"]
[Date "2018.08.04"]
[Round "8"]
[White "Anilkumar, Anantha P"]
[Black "Wilson, Matthew R"]
[Result "1-0"]
[WhiteElo "1903"]
[BlackElo "1816"]
[PlyCount "95"]
[EventDate "2018.07.28"]
[EventType "swiss"]
[EventRounds "9"]
[EventCountry "GBR"]
[SourceTitle "CBM 185 Extra"]
[Source "ChessBase"]
[SourceDate "2018.06.29"]
[SourceVersion "1"]
[SourceVersionDate "2018.06.29"]
[SourceQuality "1"]

1. d4 Nf6 2. c4 e6 3. Nc3 d5 4. Bg5 Be7 5. e3 h6 6. Bh4 Nbd7 7. Nf3 O-O 8. Bd3
Ne4 9. Bxe7 Qxe7 10. Nxe4 dxe4 11. Bxe4 Qb4+ 12. Qd2 Qxc4 13. Bd3 Qd5 14. e4
Qd6 15. e5 Qe7 16. g4 c5 17. g5 h5 18. Bc2 cxd4 19. Qxd4 Qc5 20. Qxc5 Nxc5 21.
O-O-O b6 22. Rhe1 Bb7 23. Nd4 Bd5 24. Kb1 a6 25. f4 g6 26. b4 Nb7 27. Bb3 Rfd8
28. Bxd5 Rxd5 29. Nc6 Kf8 30. Rxd5 exd5 31. e6 Nd6 32. exf7 Nxf7 33. Re6 Re8
34. Rxe8+ Kxe8 35. Kc2 Kd7 36. Nd4 Nd6 37. Kd3 Ne4 38. Nf3 Ke6 39. Nh4 Nf2+ 40.
Kd4 Ng4 41. Nxg6 Nxh2 42. Nh4 Ng4 43. f5+ Kd6 44. f6 Ne5 45. g6 Nc6+ 46. Ke3
Ke6 47. g7 Kf7 48. Nf5 1-0

[Event "GBR-ch105 Major Open"]
[Site "Hull"]
[Date "2018.08.04"]
[Round "8"]
[White "Boswell, Jacob Connor"]
[Black "Nayak, Raghav"]
[Result "1-0"]
[WhiteElo "1992"]
[BlackElo "1901"]
[PlyCount "85"]
[EventDate "2018.07.28"]
[EventType "swiss"]
[EventRounds "9"]
[EventCountry "GBR"]
[SourceTitle "CBM 185 Extra"]
[Source "ChessBase"]
[SourceDate "2018.06.29"]
[SourceVersion "1"]
[SourceVersionDate "2018.06.29"]
[SourceQuality "1"]

1. c4 e5 2. g3 Nc6 3. Bg2 f5 4. Nc3 Nf6 5. e3 d5 6. Nxd5 Nxd5 7. cxd5 Nb4 8.
Qb3 e4 9. Ne2 Nd3+ 10. Kf1 Bd6 11. f4 O-O 12. Qc4 Bd7 13. b3 Qe8 14. a4 b5 15.
Qc2 bxa4 16. bxa4 Rb8 17. h3 Rb4 18. a5 Ba4 19. Qc3 Rb3 20. Qc4 Rb4 21. Qc3 Qb5
22. Qc6 Qxa5 23. Nc3 Nc5 24. Nxa4 Nxa4 25. Kg1 Rfb8 26. Kh2 Qc5 27. Ba3 Qxc6
28. dxc6 Rc4 29. d3 Rc2 30. Bxd6 Rbb2 31. Rhg1 cxd6 32. Rxa4 exd3 33. Rd4 d2
34. Rd1 a5 35. c7 a4 36. R1xd2 a3 37. Rxc2 Rxc2 38. Ra4 a2 39. Rxa2 Rxc7 40.
Rd2 Rd7 41. Bd5+ Kf8 42. Be6 Re7 43. Rxd6 1-0

[Event "GBR-ch105 Major Open"]
[Site "Hull"]
[Date "2018.08.04"]
[Round "8"]
[White "Camp, Imogen AL"]
[Black "Brewer, Callum D"]
[Result "0-1"]
[WhiteElo "1874"]
[BlackElo "2064"]
[PlyCount "52"]
[EventDate "2018.07.28"]
[EventType "swiss"]
[EventRounds "9"]
[EventCountry "GBR"]
[SourceTitle "CBM 185 Extra"]
[Source "ChessBase"]
[SourceDate "2018.06.29"]
[SourceVersion "1"]
[SourceVersionDate "2018.06.29"]
[SourceQuality "1"]

1. d4 Nf6 2. c4 e6 3. Nf3 d5 4. Nc3 Bb4 5. Bg5 h6 6. Bxf6 Bxc3+ 7. bxc3 Qxf6 8.
e3 Nd7 9. cxd5 exd5 10. Bd3 O-O 11. Qc2 c5 12. O-O c4 13. Be2 Re8 14. Nd2 Nb6
15. Bf3 Bf5 16. e4 dxe4 17. Bxe4 Bxe4 18. Nxe4 Qg6 19. Rfe1 Re7 20. f3 Rae8 21.
Qd2 Nd5 22. Kf2 f5 23. Ng3 Ne3 24. Kg1 h5 25. Re2 h4 26. Ne4 Nd5 0-1

[Event "GBR-ch105 Major Open"]
[Site "Hull"]
[Date "2018.08.04"]
[Round "8"]
[White "Cawston, M John"]
[Black "Volovich, Julia"]
[Result "1-0"]
[WhiteElo "1871"]
[BlackElo "1651"]
[PlyCount "153"]
[EventDate "2018.07.28"]
[EventType "swiss"]
[EventRounds "9"]
[EventCountry "GBR"]
[SourceTitle "CBM 185 Extra"]
[Source "ChessBase"]
[SourceDate "2018.06.29"]
[SourceVersion "1"]
[SourceVersionDate "2018.06.29"]
[SourceQuality "1"]

1. Nf3 f5 2. g3 Nf6 3. Bg2 g6 4. b4 d6 5. d4 Bg7 6. Bb2 O-O 7. c4 c6 8. O-O Qe8
9. Qb3 Kh8 10. a4 Nbd7 11. d5 e5 12. dxe6 Qxe6 13. Nd4 Qf7 14. a5 Ne5 15. Nd2
Re8 16. a6 d5 17. cxd5 cxd5 18. axb7 Bxb7 19. Rfc1 Ne4 20. N4f3 Ng4 21. Bxg7+
Kxg7 22. Rf1 Qf6 23. Ra3 Nxd2 24. Nxd2 Rxe2 25. Qd3 Rae8 26. Rxa7 Qb6 27. Qc3+
Kh6 28. Qc5 Qxc5 29. bxc5 Rxd2 30. Rxb7 Rc8 31. h3 Ne5 32. Re1 Nc6 33. Rd7 d4
34. Re6 Rd1+ 35. Kh2 Nb8 36. Rb7 Rc1 37. Reb6 d3 38. Rxb8 Rxb8 39. Rxb8 d2 40.
Bf3 Rxc5 41. Rd8 Rc2 42. h4 d1=Q 43. Bxd1 Rxf2+ 44. Kh3 Kg7 45. Rd7+ Kh8 46.
Bb3 Rf3 47. Bd1 Rf2 48. Rd4 Kg7 49. Rd7+ Kh8 50. Rf7 Rb2 51. Bf3 Rf2 52. Bd5
Rd2 53. Rd7 Rf2 54. Bb7 Rb2 55. Ba6 Ra2 56. Bb5 Rb2 57. Bc4 Rc2 58. Bf7 Rf2 59.
h5 gxh5 60. Bxh5 f4 61. g4 Rf3+ 62. Kh4 Rf1 63. Kg5 Ra1 64. Bf7 f3 65. Kf6 Ra6+
66. Be6 Ra8 67. Rd2 Rf8+ 68. Bf7 Ra8 69. Rf2 Ra4 70. Be6 Ra3 71. Rc2 Ra8 72.
Rc8+ Rxc8 73. Bxc8 f2 74. Ba6 h5 75. g5 h4 76. Bf1 Kg8 77. Kg6 1-0

[Event "GBR-ch105 Major Open"]
[Site "Hull"]
[Date "2018.08.04"]
[Round "8"]
[White "Cocks, Elliot"]
[Black "McCarthy, Damian"]
[Result "1-0"]
[WhiteElo "1985"]
[BlackElo "1867"]
[PlyCount "96"]
[EventDate "2018.07.28"]
[EventType "swiss"]
[EventRounds "9"]
[EventCountry "GBR"]
[SourceTitle "CBM 185 Extra"]
[Source "ChessBase"]
[SourceDate "2018.06.29"]
[SourceVersion "1"]
[SourceVersionDate "2018.06.29"]
[SourceQuality "1"]

1. e4 e5 2. Nf3 Nf6 3. Nxe5 d6 4. Nf3 Nxe4 5. c4 Nc6 6. Nc3 Nxc3 7. dxc3 Be7 8.
Bd3 Bg4 9. Bf4 Qd7 10. Qc2 O-O-O 11. h3 Be6 12. O-O-O Kb8 13. Rhe1 h6 14. Nd4
Nxd4 15. cxd4 c6 16. Kb1 Ka8 17. d5 cxd5 18. cxd5 Bxd5 19. Bf5 Be6 20. Bxe6
fxe6 21. Qe4 d5 22. Qxe6 Qxe6 23. Rxe6 Bf6 24. Be5 Bxe5 25. Rxe5 Kb8 26. Rexd5
Rxd5 27. Rxd5 Re8 28. Kc2 Kc8 29. Kd2 Re7 30. Rd3 Kc7 31. Re3 Rd7+ 32. Ke2 Kc6
33. Kf3 a5 34. Ke2 a4 35. f4 Kc5 36. g4 b5 37. Rc3+ Kb4 38. a3+ Ka5 39. f5 Rb7
40. h4 b4 41. Rc5+ Ka6 42. Rc4 h5 43. g5 Rb5 44. Rxb4 Rxf5 45. Rxa4+ Kb6 46.
Re4 Kb5 47. b3 Rc5 48. a4+ Kc6 1-0

[Event "GBR-ch105 Major Open"]
[Site "Hull"]
[Date "2018.08.04"]
[Round "8"]
[White "Cooper, John G ENG"]
[Black "Royal, Shreyas"]
[Result "1-0"]
[WhiteElo "2192"]
[BlackElo "1927"]
[PlyCount "57"]
[EventDate "2018.07.28"]
[EventType "swiss"]
[EventRounds "9"]
[EventCountry "GBR"]
[SourceTitle "CBM 185 Extra"]
[Source "ChessBase"]
[SourceDate "2018.06.29"]
[SourceVersion "1"]
[SourceVersionDate "2018.06.29"]
[SourceQuality "1"]

1. c4 e6 2. Nc3 d5 3. d4 c6 4. Nf3 Nf6 5. Bg5 Nbd7 6. e3 Be7 7. Bd3 O-O 8. O-O
b6 9. Re1 Bb7 10. Qc2 Rc8 11. Rad1 h6 12. Bh4 Qc7 13. e4 dxe4 14. Nxe4 Qb8 15.
Ne5 Rfe8 16. Bg3 Qa8 17. c5 Nxe4 18. Nxd7 Nxg3 19. Bh7+ Kh8 20. Ne5 g6 21. Bxg6
Nf5 22. Nxf7+ Kg7 23. Rxe6 Bf6 24. Rxf6 Nxd4 25. Ne5 Kxf6 26. Rxd4 Rxe5 27.
Rd6+ Ke7 28. Qc3 Rxc5 29. Qf6# 1-0

[Event "GBR-ch105 Major Open"]
[Site "Hull"]
[Date "2018.08.04"]
[Round "8"]
[White "Cusick, Peter W"]
[Black "Modi, Shyam Jagdish"]
[Result "1/2-1/2"]
[WhiteElo "1947"]
[BlackElo "1973"]
[PlyCount "62"]
[EventDate "2018.07.28"]
[EventType "swiss"]
[EventRounds "9"]
[EventCountry "GBR"]
[SourceTitle "CBM 185 Extra"]
[Source "ChessBase"]
[SourceDate "2018.06.29"]
[SourceVersion "1"]
[SourceVersionDate "2018.06.29"]
[SourceQuality "1"]

1. d4 Nf6 2. Nf3 g6 3. g3 Bg7 4. Bg2 O-O 5. O-O d6 6. c4 Nbd7 7. Nc3 e5 8. h3
c6 9. e4 Qa5 10. d5 cxd5 11. cxd5 b5 12. Nd2 b4 13. Ne2 Nc5 14. Nb3 Nxb3 15.
Qxb3 Ba6 16. Re1 Rfc8 17. Bd2 Bxe2 18. Rxe2 Qb5 19. Ree1 a5 20. Rec1 Nd7 21.
Bf1 Qb6 22. Rxc8+ Rxc8 23. Rc1 Rxc1 24. Bxc1 Nc5 25. Be3 Bh6 26. Bxc5 Qxc5 27.
Qc4 Qxc4 28. Bxc4 f5 29. Bd3 fxe4 30. Bxe4 Kf7 31. b3 Ke7 1/2-1/2

[Event "GBR-ch105 Major Open"]
[Site "Hull"]
[Date "2018.08.04"]
[Round "8"]
[White "Guha, Chirag"]
[Black "Jones, Steven"]
[Result "0-1"]
[WhiteElo "1912"]
[BlackElo "2203"]
[PlyCount "80"]
[EventDate "2018.07.28"]
[EventType "swiss"]
[EventRounds "9"]
[EventCountry "GBR"]
[SourceTitle "CBM 185 Extra"]
[Source "ChessBase"]
[SourceDate "2018.06.29"]
[SourceVersion "1"]
[SourceVersionDate "2018.06.29"]
[SourceQuality "1"]

1. d4 d5 2. c4 c6 3. Nf3 Nf6 4. g3 Bg4 5. Bg2 Bxf3 6. Bxf3 e6 7. O-O Be7 8.
cxd5 cxd5 9. Nc3 O-O 10. Bf4 Nc6 11. Rc1 Qb6 12. Be3 Qxb2 13. Qd3 Qb6 14. Rb1
Qc7 15. Rfc1 Rac8 16. Qb5 b6 17. Qa4 Qd7 18. Bg5 Rfd8 19. e3 h6 20. Bxf6 Bxf6
21. Be2 Nxd4 22. exd4 Rxc3 23. Bb5 Qc7 24. Rd1 g6 25. Qb4 Be7 26. Qb2 Rc2 27.
Qb3 Qc3 28. Qxc3 Rxc3 29. a4 Rdc8 30. Bd3 Ra3 31. Bb5 Rc2 32. Rbc1 Rac3 33. Rb1
Bf6 34. a5 bxa5 35. Ra1 Bd8 36. Rab1 Bb6 37. Bd3 Ra2 38. Bb5 Rcc2 39. Bf1 Rxf2
40. Rbc1 Rfc2 0-1

[Event "GBR-ch105 Major Open"]
[Site "Hull"]
[Date "2018.08.04"]
[Round "8"]
[White "Holton, Jake"]
[Black "Vleeshhouwer, Douglas"]
[Result "0-1"]
[WhiteElo "1901"]
[BlackElo "1946"]
[PlyCount "88"]
[EventDate "2018.07.28"]
[EventType "swiss"]
[EventRounds "9"]
[EventCountry "GBR"]
[SourceTitle "CBM 185 Extra"]
[Source "ChessBase"]
[SourceDate "2018.06.29"]
[SourceVersion "1"]
[SourceVersionDate "2018.06.29"]
[SourceQuality "1"]

1. d4 f5 2. Nc3 d5 3. Nf3 Nf6 4. Bg5 Nbd7 5. e3 e6 6. h4 Be7 7. Ne5 Nxe5 8.
dxe5 Ng4 9. Bf4 Bxh4 10. g3 Bg5 11. Bh3 Bxf4 12. exf4 Qe7 13. Bxg4 fxg4 14.
Qxg4 Bd7 15. Rxh7 O-O-O 16. Rxh8 Rxh8 17. O-O-O b6 18. Kb1 Rh2 19. Qe2 Qc5 20.
Rd2 Bc6 21. Nd1 Bb5 22. Qg4 Qe7 23. f5 exf5 24. Qxf5+ Bd7 25. Qf4 Be6 26. b3 c5
27. g4 Rh1 28. Kb2 g5 29. Qg3 Qh7 30. Nc3 Qd7 31. f3 b5 32. Qf2 Qc6 33. Qe2 c4
34. Qe3 b4 35. Nxd5 Bxd5 36. bxc4 Qxc4 37. Rxd5 Qxd5 38. Qxg5 Qd4+ 39. Kb3 Rb1+
40. Ka4 b3+ 41. Ka5 Qc5+ 42. Ka4 bxc2 43. Qf5+ Kc7 44. Qf7+ Kb6 0-1

[Event "GBR-ch105 Major Open"]
[Site "Hull"]
[Date "2018.08.04"]
[Round "8"]
[White "Hubbard, Michael"]
[Black "Yoon, Jacob D"]
[Result "1/2-1/2"]
[WhiteElo "1888"]
[BlackElo "2039"]
[PlyCount "73"]
[EventDate "2018.07.28"]
[EventType "swiss"]
[EventRounds "9"]
[EventCountry "GBR"]
[SourceTitle "CBM 185 Extra"]
[Source "ChessBase"]
[SourceDate "2018.06.29"]
[SourceVersion "1"]
[SourceVersionDate "2018.06.29"]
[SourceQuality "1"]

1. d4 e6 2. Nf3 b6 3. e4 d5 4. Bd3 Nf6 5. Nbd2 c5 6. dxc5 Bxc5 7. e5 Nfd7 8.
Nb3 Be7 9. Nbd4 Bb7 10. Bf4 a6 11. O-O Nc5 12. Be2 Nbd7 13. c4 Nf8 14. b4 Ncd7
15. a3 g5 16. Bg3 g4 17. Ne1 h5 18. f4 dxc4 19. f5 Bg5 20. Bxc4 h4 21. fxe6
fxe6 22. Qxg4 hxg3 23. Nxe6 gxh2+ 24. Kh1 Nxe6 25. Bxe6 Nxe5 26. Qf5 Qd4 27.
Qxg5 Qxa1 28. Qg7 Bxg2+ 29. Qxg2 Ra7 30. Nd3 Qd4 31. Nxe5 Qxe5 32. Qc6+ Kd8 33.
Rd1+ Ke7 34. Bg4 Rc7 35. Qf3 Rf8 36. Qd3 Rf4 37. Bf3 1/2-1/2

[Event "GBR-ch105 Major Open"]
[Site "Hull"]
[Date "2018.08.04"]
[Round "8"]
[White "Janiszewski, Maciej"]
[Black "Taylor, Adam A"]
[Result "1-0"]
[WhiteElo "2130"]
[BlackElo "2146"]
[PlyCount "73"]
[EventDate "2018.07.28"]
[EventType "swiss"]
[EventRounds "9"]
[EventCountry "GBR"]
[SourceTitle "CBM 185 Extra"]
[Source "ChessBase"]
[SourceDate "2018.06.29"]
[SourceVersion "1"]
[SourceVersionDate "2018.06.29"]
[SourceQuality "1"]

1. Nf3 c5 2. c4 Nc6 3. d4 cxd4 4. Nxd4 g6 5. e4 Bg7 6. Be3 Nf6 7. Nc3 Ng4 8.
Qxg4 Nxd4 9. Qd1 Ne6 10. Rc1 d6 11. Qd2 Bd7 12. Bd3 Bc6 13. O-O O-O 14. b4 a6
15. Nd5 b5 16. cxb5 Bxb5 17. a4 Bxa4 18. Nb6 Bb5 19. Bxb5 axb5 20. Nxa8 Qxa8
21. f3 h5 22. Rc2 Qa4 23. Rfc1 Bf6 24. f4 Kh7 25. f5 Ng7 26. Bg5 Re8 27. Bxf6
exf6 28. Qd4 Qb3 29. Rc7 gxf5 30. Qxf6 Rxe4 31. h3 h4 32. Rf1 Qe3+ 33. Kh1 Rf4
34. Ra1 Qd3 35. Qg5 Qd4 36. Rac1 Qxb4 37. Rxf7 1-0

[Event "GBR-ch105 Major Open"]
[Site "Hull"]
[Date "2018.08.04"]
[Round "8"]
[White "Jayawarna, Nugith"]
[Black "Evans, Nicholas Thomas"]
[Result "1-0"]
[WhiteElo "2013"]
[BlackElo "1885"]
[PlyCount "65"]
[EventDate "2018.07.28"]
[EventType "swiss"]
[EventRounds "9"]
[EventCountry "GBR"]
[SourceTitle "CBM 185 Extra"]
[Source "ChessBase"]
[SourceDate "2018.06.29"]
[SourceVersion "1"]
[SourceVersionDate "2018.06.29"]
[SourceQuality "1"]

1. c4 e6 2. Nc3 d5 3. d4 c5 4. cxd5 cxd4 5. Qxd4 Nc6 6. Qd1 exd5 7. Qxd5 Bd7 8.
Nf3 Nf6 9. Qd1 Bc5 10. e3 Qe7 11. Be2 O-O-O 12. O-O g5 13. b4 g4 14. Nd4 Bxb4
15. Bb2 Kb8 16. a3 Bc5 17. Na4 Bd6 18. Rb1 Rhg8 19. g3 Ne4 20. Bb5 Ne5 21. Ba1
Ka8 22. Bxd7 Qxd7 23. Nb5 Qc6 24. Nd4 Qd7 25. Qc2 Ng5 26. Nb5 Nc6 27. Bf6 Nh3+
28. Kg2 Rc8 29. Rfd1 Nd4 30. Nb6+ Kb8 31. Nxd7+ Ka8 32. Qa4 Nxb5 33. Qxb5 1-0

[Event "GBR-ch105 Major Open"]
[Site "Hull"]
[Date "2018.08.04"]
[Round "8"]
[White "Johnson, Paul A"]
[Black "Metcalfe, Charles P"]
[Result "0-1"]
[WhiteElo "1842"]
[BlackElo "1762"]
[PlyCount "59"]
[EventDate "2018.07.28"]
[EventType "swiss"]
[EventRounds "9"]
[EventCountry "GBR"]
[SourceTitle "CBM 185 Extra"]
[Source "ChessBase"]
[SourceDate "2018.06.29"]
[SourceVersion "1"]
[SourceVersionDate "2018.06.29"]
[SourceQuality "1"]

1. d4 d5 2. Bf4 c5 3. c3 Nc6 4. e3 Nf6 5. Nd2 Bg4 6. Ngf3 e6 7. Be2 Bd6 8. Ne5
Bxe2 9. Qxe2 O-O 10. O-O Qc7 11. Ndf3 Nd7 12. Nxd7 Qxd7 13. Ne5 Qc7 14. Nxc6
Bxf4 15. exf4 Qxc6 16. dxc5 Qxc5 17. Rfd1 Rfe8 18. Rd4 Rad8 19. Rad1 b5 20. Qf3
Rb8 21. f5 b4 22. f6 bxc3 23. Qg3 g6 24. bxc3 e5 25. Rh4 Re6 26. Qg5 Rb2 27.
Rf1 Qb6 28. a4 Rxf6 29. Rb4 Rbxf2 30. Qxf6 0-1

[Event "GBR-ch105 Major Open"]
[Site "Hull"]
[Date "2018.08.04"]
[Round "8"]
[White "Kirupakaran, Vishnu"]
[Black "Robertson, Jim"]
[Result "1/2-1/2"]
[WhiteElo "1812"]
[BlackElo "1604"]
[PlyCount "97"]
[EventDate "2018.07.28"]
[EventType "swiss"]
[EventRounds "9"]
[EventCountry "GBR"]
[SourceTitle "CBM 185 Extra"]
[Source "ChessBase"]
[SourceDate "2018.06.29"]
[SourceVersion "1"]
[SourceVersionDate "2018.06.29"]
[SourceQuality "1"]

1. e4 c6 2. d4 d5 3. e5 c5 4. dxc5 Nc6 5. Nf3 Bg4 6. Bb5 e6 7. Nbd2 Bxc5 8. O-O
Nge7 9. h3 Bxf3 10. Nxf3 O-O 11. a3 Ng6 12. b4 Bb6 13. Re1 Rc8 14. Bb2 Qe7 15.
Bd3 a6 16. Rc1 Nh4 17. c4 Nxf3+ 18. Qxf3 Bd4 19. Bxh7+ Kxh7 20. Qd3+ Kg8 21.
Bxd4 dxc4 22. Qxc4 b5 23. Qc5 Qg5 24. Be3 Qxe5 25. Qb6 Nb8 26. Bc5 Qf4 27. Rcd1
Rfe8 28. Rd4 Qc7 29. Qxc7 Rxc7 30. Red1 Nc6 31. Rd6 Rcc8 32. Rd7 Rcd8 33. Kh2
Rxd7 34. Rxd7 Rd8 35. Rc7 Nb8 36. Ra7 Kh7 37. Rxf7 Rd3 38. Rb7 Nd7 39. Be7 Ne5
40. Bf6 Nd7 41. Be7 Ne5 42. Rb6 Rxa3 43. Rxe6 Nc4 44. Re1 a5 45. bxa5 Rxa5 46.
Rb1 Ra7 47. Bb4 Rb7 48. Re1 Nb2 49. Re3 1/2-1/2

[Event "GBR-ch105 Major Open"]
[Site "Hull"]
[Date "2018.08.04"]
[Round "8"]
[White "Lovell, William PM"]
[Black "Hussain, Adam"]
[Result "1-0"]
[WhiteElo "1754"]
[BlackElo "1557"]
[PlyCount "77"]
[EventDate "2018.07.28"]
[EventType "swiss"]
[EventRounds "9"]
[EventCountry "GBR"]
[SourceTitle "CBM 185 Extra"]
[Source "ChessBase"]
[SourceDate "2018.06.29"]
[SourceVersion "1"]
[SourceVersionDate "2018.06.29"]
[SourceQuality "1"]

1. c4 e6 2. g3 Nf6 3. Bg2 c6 4. Nf3 Be7 5. O-O O-O 6. e3 d5 7. b3 Nbd7 8. Bb2
Re8 9. Ne5 Nxe5 10. Bxe5 Qa5 11. Bc3 Qc7 12. d4 b6 13. Nd2 Bb7 14. Bb2 Rac8 15.
Rc1 Qd7 16. e4 Nxe4 17. Nxe4 dxe4 18. Bxe4 c5 19. Bxb7 Qxb7 20. dxc5 Bxc5 21.
Qg4 Bf8 22. Rfd1 Rcd8 23. Rd4 Rxd4 24. Qxd4 f6 25. Rd1 Bc5 26. Qg4 f5 27. Qh5
Qe7 28. Qe2 a5 29. Qe5 h6 30. Kf1 Qb7 31. Kg1 Qf7 32. Bc3 Qg6 33. Rd7 Be7 34.
Qc7 Bf6 35. Be1 e5 36. Qxb6 f4 37. Qxa5 fxg3 38. hxg3 e4 39. Qd5+ 1-0

[Event "GBR-ch105 Major Open"]
[Site "Hull"]
[Date "2018.08.04"]
[Round "8"]
[White "Milewska, Agnieszka"]
[Black "Garnett, John S"]
[Result "0-1"]
[WhiteElo "1778"]
[BlackElo "1916"]
[PlyCount "30"]
[EventDate "2018.07.28"]
[EventType "swiss"]
[EventRounds "9"]
[EventCountry "GBR"]
[SourceTitle "CBM 185 Extra"]
[Source "ChessBase"]
[SourceDate "2018.06.29"]
[SourceVersion "1"]
[SourceVersionDate "2018.06.29"]
[SourceQuality "1"]

1. e4 d5 2. exd5 Nf6 3. c4 c6 4. dxc6 Nxc6 5. Nf3 e5 6. Nc3 e4 7. Ng5 Bf5 8. f3
exf3 9. Nxf3 Bc5 10. Ne2 Nb4 11. Qa4+ Nd7 12. Ned4 Qe7+ 13. Be2 Nd3+ 14. Kf1
Bxd4 15. g3 Bh3# 0-1

[Event "GBR-ch105 Major Open"]
[Site "Hull"]
[Date "2018.08.04"]
[Round "8"]
[White "Modi, Kishan Jagdish"]
[Black "Jaufarally, Nadia"]
[Result "0-1"]
[WhiteElo "1938"]
[BlackElo "1988"]
[PlyCount "68"]
[EventDate "2018.07.28"]
[EventType "swiss"]
[EventRounds "9"]
[EventCountry "GBR"]
[SourceTitle "CBM 185 Extra"]
[Source "ChessBase"]
[SourceDate "2018.06.29"]
[SourceVersion "1"]
[SourceVersionDate "2018.06.29"]
[SourceQuality "1"]

1. e4 c5 2. b3 e6 3. Bb2 d5 4. exd5 exd5 5. Bb5+ Nc6 6. Qe2+ Qe7 7. Qxe7+ Ngxe7
8. Ne2 Bf5 9. O-O Bxc2 10. Rc1 Bxb1 11. Raxb1 a6 12. Bxc6+ Nxc6 13. d4 cxd4 14.
Nxd4 Nxd4 15. Bxd4 Kd7 16. Be5 Ke6 17. Re1 f6 18. Bg3+ Kf7 19. Rbc1 Bb4 20.
Rc7+ Kg6 21. Rd1 b6 22. Rd4 Bc5 23. Rg4+ Kf5 24. Rgxg7 h5 25. h4 Rad8 26. Rgf7
d4 27. Rc6 Rh6 28. Kf1 d3 29. Ke1 Bb4+ 30. Kd1 Re8 31. f3 d2 32. Rd7 Re1+ 33.
Kc2 Rc1+ 34. Kb2 Rxc6 0-1

[Event "GBR-ch105 Major Open"]
[Site "Hull"]
[Date "2018.08.04"]
[Round "8"]
[White "Ramaiya, Anshu"]
[Black "Nelson, Omowale"]
[Result "1-0"]
[WhiteElo "1846"]
[BlackElo "1966"]
[PlyCount "59"]
[EventDate "2018.07.28"]
[EventType "swiss"]
[EventRounds "9"]
[EventCountry "GBR"]
[SourceTitle "CBM 185 Extra"]
[Source "ChessBase"]
[SourceDate "2018.06.29"]
[SourceVersion "1"]
[SourceVersionDate "2018.06.29"]
[SourceQuality "1"]

1. e4 c6 2. Nf3 d5 3. Nc3 Bg4 4. h3 Bxf3 5. Qxf3 e6 6. d3 Nf6 7. Bd2 Be7 8. g4
d4 9. Ne2 c5 10. Bg2 Nc6 11. O-O O-O 12. Qg3 Rc8 13. f4 Nb4 14. Rfc1 c4 15. a3
cxd3 16. cxd3 Nc2 17. Rab1 Qb6 18. g5 Nd7 19. e5 Rfd8 20. Qf3 Rc7 21. Kh2 Qb3
22. Ng3 Nc5 23. Rd1 Na4 24. Ne4 f5 25. gxf6 Bf8 26. fxg7 Bxg7 27. Qg4 Nc5 28.
Rg1 Kh8 29. Nxc5 Rxc5 30. Bd5 1-0

[Event "GBR-ch105 Major Open"]
[Site "Hull"]
[Date "2018.08.04"]
[Round "8"]
[White "Rice, Christopher B"]
[Black "Whitehead, Mark A"]
[Result "1/2-1/2"]
[WhiteElo "1972"]
[BlackElo "1906"]
[PlyCount "52"]
[EventDate "2018.07.28"]
[EventType "swiss"]
[EventRounds "9"]
[EventCountry "GBR"]
[SourceTitle "CBM 185 Extra"]
[Source "ChessBase"]
[SourceDate "2018.06.29"]
[SourceVersion "1"]
[SourceVersionDate "2018.06.29"]
[SourceQuality "1"]

1. c4 e5 2. g3 Nc6 3. Nc3 g6 4. Bg2 Bg7 5. e4 Nge7 6. Nge2 O-O 7. O-O d6 8. d3
f5 9. Nd5 Be6 10. Be3 Qd7 11. Qd2 Rf7 12. Rac1 Raf8 13. f3 Nc8 14. b3 Nd8 15.
exf5 Bxf5 16. d4 exd4 17. Nxd4 Bh3 18. Rce1 Bxg2 19. Kxg2 c6 20. Nc3 c5 21. Nc2
Nc6 22. Ne4 Ne5 23. f4 Ng4 24. Bg1 Qc6 25. Qd5 Qxd5 26. cxd5 Nf6 1/2-1/2